[Event "Brandenburg-ch Seniors 09th"]
[Site "Rowy"]
[Date "2001.06.20"]
[Round "4"]
[White "Dryzek, Tadeusz"]
[Black "Brameyer, Hermann"]
[Result "1/2-1/2"]
[WhiteElo "2055"]
[BlackElo "2211"]
[PlyCount "149"]
[EventDate "2001.06.??"]
[EventType "swiss"]
[EventRounds "7"]
[EventCountry "POL"]
[SourceTitle "EXT 2006"]
[Source "ChessBase"]
[SourceDate "2005.11.24"]
[SourceVersion "1"]
[SourceVersionDate "2005.11.24"]
[SourceQuality "1"]

1. e4 c5 2. Nc3 Nc6 3. Nf3 Nf6 4. d4 cxd4 5. Nxd4 e5 6. Nb3 Bb4 7. Bd3 d5 8. exd5 Nxd5 9. 0-0 Nxc3 10. bxc3 Be7 11. f4 exf4 12. Bxf4 0-0 13. Qf3 Be6 14. Rad1 Qc8 15. Qg3 Bf5 16. h4 Bxd3 17. Rxd3 Qf5 18. Nd4 Qh5 19. Nf3 Rad8 20. Rfd1 Rxd3 21. Rxd3 Rd8 22. Qe1 Rxd3 23. cxd3 Qf5 24. Qe3 h6 25. Kh2 f6 26. Bg3 Kf7 27. d4 Qd5 28. Qd3 b5 29. a4 a6 30. axb5 axb5 31. Kg1 h5 32. Nd2 g6 33. Nf3 Bd8 34. Qe3 Be7 35. Qh6 Bf8 36. Qf4 Kg7 37. Qe3 Ne7 38. Qd3 Nf5 39. Bf2 Bd6 40. Nd2 Bb8 41. Nf1 Kf7 42. Ne3 Nxe3 43. Qxe3 Bd6 44. Bg3 Be7 45. Qf4 Qc6 46. Qc7 Qxc7 47. Bxc7 Ke6 48. Kf2 Kd5 49. Ke3 f5 50. Bg3 Kc4 51. Be1 Bd6 52. Kf3 Bc7 53. Ke2 Bd8 54. Kf3 Bc7 55. Ke2 Bb6 56. Kf3 Ba5 57. Ke3 Bd8 58. Kf4 Bf6 59. Ke3 g5 60. Kf3 Kd5 61. g3 gxh4 62. gxh4 Ke6 63. Ke3 Bg7 64. Kd3 Kd5 65. Bd2 Bf8 66. Bg5 Bd6 67. Bd2 Bg3 68. Bg5 f4 69. Be7 f3 70. Ke3 f2 71. Ke2 Kc4 72. Bf6 Kxc3 73. d5+ Kc4 74. d6 Bxd6 75. Kxf2 1/2-1/2

[Event "Bad Woerishofen Seniors op 16th"]
[Site "Bad Woerishofen"]
[Date "2000.??.??"]
[Round "9"]
[White "Dryzek, Tadeusz"]
[Black "Weigel, Herbert"]
[Result "1-0"]
[WhiteElo "2180"]
[BlackElo "2185"]
[PlyCount "77"]
[EventDate "2000.03.??"]
[EventType "swiss"]
[EventRounds "9"]
[EventCountry "GER"]
[SourceTitle "EXT 2003"]
[Source "ChessBase"]
[SourceDate "2002.11.25"]
[SourceVersion "1"]
[SourceVersionDate "2002.11.25"]
[SourceQuality "1"]

1. e4 e5 2. Nf3 Nc6 3. Bb5 a6 4. Ba4 Nf6 5. 0-0 b5 6. Bb3 Bb7 7. c3 Nxe4 8. d4 exd4 9. Re1 d5 10. Ng5 Be7 11. Rxe4 0-0 12. Qh5 Bxg5 13. Bxg5 Qd6 14. Re1 Rae8 15. Nd2 dxc3 16. bxc3 Na5 17. Bc2 h6 18. Nf3 c5 19. Be3 d4 20. cxd4 cxd4 21. Nxd4 Re5 22. Qh3 Rfe8 23. Nf3 Bxf3 24. Qxf3 Nc4 25. Bb3 Qe7 26. Bxc4 bxc4 27. Qc6 Re4 28. Rac1 Qb4 29. Qxa6 f5 30. g3 f4 31. gxf4 Rxf4 32. Qc6 Rg4+ 33. Kh1 Rge4 34. Rg1 R8e6 35. Qc8+ Re8 36. Qd7 R8e7 37. Qd5+ Kh7 38. Qf5+ Kg8 39. Rcd1 1-0

[Event "Bad Woerishofen Seniors op 16th"]
[Site "Bad Woerishofen"]
[Date "2000.??.??"]
[Round "3"]
[White "Dryzek, Tadeusz"]
[Black "Wild, Gerhard"]
[Result "0-1"]
[WhiteElo "2180"]
[BlackElo "1970"]
[PlyCount "130"]
[EventDate "2000.03.??"]
[EventType "swiss"]
[EventRounds "9"]
[EventCountry "GER"]
[SourceTitle "EXT 2003"]
[Source "ChessBase"]
[SourceDate "2002.11.25"]
[SourceVersion "1"]
[SourceVersionDate "2002.11.25"]
[SourceQuality "1"]

1. e4 c5 2. Nf3 e6 3. d4 cxd4 4. Nxd4 Nf6 5. Nc3 d6 6. Bg5 Be7 7. Qd2 a6 8. 0-0-0 Nbd7 9. Nb3 b5 10. a3 Bb7 11. f3 Rc8 12. Kb1 0-0 13. Be2 Qc7 14. g4 Rfd8 15. Bf4 Nb6 16. Bg3 Nc4 17. Bxc4 Qxc4 18. Qe3 Ba8 19. h4 Ne8 20. g5 Bf8 21. h5 d5 22. Be5 dxe4 23. fxe4 b4 24. axb4 Bxb4 25. Rde1 a5 26. Rh2 a4 27. Nd2 Qc5 28. Qf4 Qa5 29. Rf1 Rd7 30. Rg2 Bxc3 31. Bxc3 Rxc3 32. bxc3 Qxc3 33. Rf3 Rb7+ 34. Nb3 Qe1+ 35. Kb2 axb3 36. cxb3 Ra7 37. Rf1 Qxe4 38. Qxe4 Bxe4 39. Rd2 Bd5 40. Kc3 Kf8 41. Rb2 Ke7 42. b4 Nd6 43. Kd4 Rb7 44. Ra1 f6 45. gxf6+ gxf6 46. b5 Rxb5 47. Ra7+ Rb7 48. Rbxb7+ Nxb7 49. Ra8 Kf7 50. Rc8 Kg7 51. Rc7+ Kh6 52. Rf7 f5 53. Ke5 Nd8 54. Rd7 Nc6+ 55. Kf4 Nd4 56. Re7 Ne2+ 57. Ke5 Ng3 58. Ra7 Nxh5 59. Ra3 f4 60. Ra1 Kg5 61. Rg1+ Ng3 62. Kd4 Kg4 63. Kd3 h5 64. Kd2 h4 65. Ke1 h3 0-1

[Event "Bad Woerishofen Seniors op 16th"]
[Site "Bad Woerishofen"]
[Date "2000.??.??"]
[Round "8"]
[White "Fels, Karl Heinz"]
[Black "Dryzek, Tadeusz"]
[Result "0-1"]
[WhiteElo "1925"]
[BlackElo "2180"]
[PlyCount "86"]
[EventDate "2000.03.??"]
[EventType "swiss"]
[EventRounds "9"]
[EventCountry "GER"]
[SourceTitle "EXT 2003"]
[Source "ChessBase"]
[SourceDate "2002.11.25"]
[SourceVersion "1"]
[SourceVersionDate "2002.11.25"]
[SourceQuality "1"]

1. e4 c5 2. Nf3 d6 3. d4 cxd4 4. Nxd4 Nf6 5. Nc3 a6 6. Bg5 e6 7. f4 Nbd7 8. Qf3 Qc7 9. 0-0-0 Be7 10. g4 b5 11. Bxf6 gxf6 12. f5 Ne5 13. Qh3 Bd7 14. fxe6 fxe6 15. Qh5+ Kd8 16. Kb1 Qb6 17. Nce2 Ng6 18. Bg2 Rc8 19. Rhf1 Qc5 20. Qxc5 Rxc5 21. Nb3 Rg5 22. Bf3 Nh4 23. h3 h5 24. gxh5 Nxf3 25. Rxf3 Rgxh5 26. Ng1 e5 27. Rdd3 Ke8 28. Rg3 Rh4 29. Nd2 Bc6 30. Rde3 d5 31. Rc3 Kd7 32. exd5 Bxd5 33. Ndf3 R4h7 34. a3 b4 35. axb4 Bxb4 36. Rd3 Ke6 37. Rd1 Bc5 38. b3 a5 39. Kb2 a4 40. c4 Bc6 41. bxa4 Rb7+ 42. Kc3 Bb4+ 43. Kb2 Be1+ 0-1

[Event "Bad Woerishofen Seniors op 16th"]
[Site "Bad Woerishofen"]
[Date "2000.??.??"]
[Round "4"]
[White "Niebaum, Karl"]
[Black "Dryzek, Tadeusz"]
[Result "0-1"]
[WhiteElo "1785"]
[BlackElo "2180"]
[PlyCount "153"]
[EventDate "2000.03.??"]
[EventType "swiss"]
[EventRounds "9"]
[EventCountry "GER"]
[SourceTitle "EXT 2003"]
[Source "ChessBase"]
[SourceDate "2002.11.25"]
[SourceVersion "1"]
[SourceVersionDate "2002.11.25"]
[SourceQuality "1"]

1. d4 d5 2. Nf3 Nf6 3. Bg5 e6 4. e3 Nbd7 5. Bd3 Be7 6. Nbd2 c5 7. c3 0-0 8. 0-0 b6 9. e4 dxe4 10. Nxe4 Bb7 11. Bxf6 Nxf6 12. Nxf6+ Bxf6 13. dxc5 bxc5 14. Qc2 g6 15. Be4 Rb8 16. Bxb7 Rxb7 17. Rfd1 Qb6 18. b3 a5 19. Nd2 Ra8 20. Nc4 Qc7 21. g3 h5 22. h4 Qc6 23. Rd6 Qf3 24. Rd3 Qg4 25. Kh2 Rbb8 26. Nd6 Be5 27. Kg2 a4 28. Re1 Bxd6 29. Rxd6 axb3 30. axb3 Ra3 31. Rb1 c4 32. b4 Rxc3 33. Qxc3 Qe4+ 34. Kh2 Qxb1 35. Qxc4 Qxb4 36. Qxb4 Rxb4 37. Rd7 Kg7 38. Ra7 Rb6 39. Kg2 Kf6 40. Ra5 e5 41. Kf3 Kf5 42. Rc5 Rb3+ 43. Kg2 f6 44. Ra5 Rb6 45. Rc5 Ke6 46. Kf3 Rb3+ 47. Kg2 e4 48. Rc8 Rb5 49. Rg8 Kf5 50. Rh8 e3 51. fxe3 Kg4 52. Rg8 Rb2+ 53. Kh1 g5 54. hxg5 fxg5 55. e4 Re2 56. Rg7 Rxe4 57. Kh2 Re2+ 58. Kh1 Kh3 59. Kg1 Rg2+ 60. Kh1 Rf2 61. Kg1 Rf5 62. Rh7 g4 63. Rd7 Kxg3 64. Rd3+ Rf3 65. Rd2 Ra3 66. Rg2+ Kf4 67. Rf2+ Rf3 68. Ra2 h4 69. Ra4+ Kg3 70. Ra1 Rb3 71. Rc1 h3 72. Ra1 Rb4 73. Ra3+ Kh4 74. Ra1 g3 75. Rc1 h2+ 76. Kg2 Rb2+ 77. Kh1 0-1

[Event "Wch Seniors 09th"]
[Site "Gladenbach"]
[Date "1999.11.10"]
[Round "3"]
[White "Dryzek, Tadeusz"]
[Black "Kleiner, Bronislav"]
[Result "0-1"]
[WhiteElo "2015"]
[BlackElo "2244"]
[PlyCount "98"]
[EventDate "1999.11.07"]
[EventType "swiss"]
[EventRounds "11"]
[EventCountry "GER"]
[SourceTitle "EXT 2001"]
[Source "ChessBase"]
[SourceDate "2000.11.22"]
[SourceVersion "1"]
[SourceVersionDate "2000.11.22"]
[SourceQuality "1"]

1. d4 d5 2. c4 e6 3. Nc3 Be7 4. Nf3 Nf6 5. Bg5 h6 6. Bh4 0-0 7. e3 b6 8. cxd5 Nxd5 9. Bxe7 Qxe7 10. e4 Nxc3 11. bxc3 c5 12. Bd3 Bb7 13. 0-0 Nd7 14. Qe2 Rac8 15. Rad1 cxd4 16. cxd4 Rfd8 17. Qb2 Qd6 18. Bb1 Qf4 19. Rfe1 Nf6 20. Qe2 Qc7 21. Qe3 Ng4 22. Qe2 Nf6 23. Qe3 b5 24. Rc1 Qb6 25. h3 a6 26. Red1 b4 27. Kh2 Rxc1 28. Rxc1 Rc8 29. Rxc8+ Bxc8 30. e5 Nd7 31. Qd3 Nf8 32. Nd2 Bb7 33. Nc4 Qb5 34. Nd6 Qxd3 35. Bxd3 Bd5 36. Bxa6 Bxa2 37. Bc4 Bxc4 38. Nxc4 Ng6 39. Kg3 Ne7 40. Kf3 Nd5 41. Ke4 g5 42. g3 Nc3+ 43. Kd3 Nd1 44. Ke2 Nc3+ 45. Kd2 Ne4+ 46. Ke3 Nc3 47. Nb2 h5 48. Kd3 h4 49. Kc4 g4 0-1

[Event "Wch Seniors 08th"]
[Site "Grieskirchen"]
[Date "1998.11.18"]
[Round "9"]
[White "Dryzek, Tadeusz"]
[Black "Mayers, Dan E"]
[Result "1/2-1/2"]
[WhiteElo "2015"]
[BlackElo "2095"]
[PlyCount "205"]
[EventDate "1998.11.08"]
[EventType "swiss"]
[EventRounds "11"]
[EventCountry "AUT"]
[SourceTitle "CBM 067 Extra"]
[Source "ChessBase"]
[SourceDate "1999.01.01"]
[SourceVersion "1"]
[SourceVersionDate "1999.01.01"]
[SourceQuality "1"]

1. e4 e6 2. d4 d5 3. Nc3 Nf6 4. Bg5 Bb4 5. e5 h6 6. Bd2 Bxc3 7. bxc3 Ne4 8. Qg4 g6 9. Bc1 Nxc3 10. Bd3 c5 11. dxc5 Nc6 12. Nf3 Qa5 13. 0-0 Qa4 14. Qh3 Bd7 15. Bd2 Ne4 16. Qh4 Ne7 17. Rfd1 Nf5 18. Qh3 Nxd2 19. Nxd2 Qf4 20. Bxf5 gxf5 21. Qe3 Qxe3 22. fxe3 Bc6 23. Nf3 Rg8 24. Nd4 Kd7 25. h3 Rg3 26. Kf2 Rag8 27. Rg1 R3g5 28. a4 h5 29. a5 a6 30. Rab1 Rb8 31. Rb6 Rgg8 32. Rgb1 Rgc8 33. Kf3 f6 34. Kf4 fxe5+ 35. Kxe5 Bb5 36. Rd6+ Ke8 37. Rxe6+ Kf7 38. Nxb5 axb5 39. Rf1 Rxc5 40. Rxf5+ Kg7 41. Rg5+ Kh7 42. Rxh5+ Kg7 43. Rg5+ Kh7 44. Kf4 Rc4+ 45. Kg3 Rxc2 46. Rh5+ Kg7 47. Rxd5 Kf7 48. Re4 Rg8+ 49. Rg4 Rxg4+ 50. hxg4 b4 51. Rb5 Ra2 52. Rxb4 Rxa5 53. Rxb7+ Kg6 54. Kf4 Ra2 55. Rb6+ Kf7 56. Kf3 Ra5 57. g3 Ra1 58. g5 Rf1+ 59. Kg4 Re1 60. Rf6+ Kg7 61. Kf3 Rf1+ 62. Ke2 Rg1 63. Kf2 Ra1 64. Kf3 Ra5 65. Kf4 Ra1 66. e4 Rf1+ 67. Ke5 Rg1 68. Rf3 Kg6 69. Kf4 Ra1 70. Re3 Rf1+ 71. Kg4 Ra1 72. Rf3 Ra5 73. Rf6+ Kg7 74. Kf4 Ra4 75. Kf5 Ra3 76. Kf4 Ra4 77. Rb6 Ra1 78. Kg4 Re1 79. Re6 Kf7 80. Kf5 Rf1+ 81. Ke5 Rg1 82. Rf6+ Kg7 83. Kf4 Rf1+ 84. Kg4 Re1 85. Kf3 Rf1+ 86. Ke2 Ra1 87. e5 Ra5 88. Rf5 Kg6 89. g4 Ra4 90. Kf3 Ra3+ 91. Kg2 Ra2+ 92. Kh3 Ra3+ 93. Kh4 Re3 94. Rf6+ Kg7 95. e6 Ra3 96. Rf7+ Kg6 97. Rb7 Re3 98. Rb6 Re1 99. e7+ Kf7 100. Kg3 Rxe7 101. Kf4 Kg7 102. g6 Ra7 103. Kg5 1/2-1/2

[Event "Wch Seniors 08th"]
[Site "Grieskirchen"]
[Date "1998.11.09"]
[Round "1"]
[White "Dryzek, Tadeusz"]
[Black "Gruenig, Siegfried"]
[Result "1/2-1/2"]
[WhiteElo "2020"]
[BlackElo "1871"]
[PlyCount "51"]
[EventDate "1998.11.08"]
[EventType "swiss"]
[EventRounds "11"]
[EventCountry "AUT"]
[SourceTitle "CBM 067 Extra"]
[Source "ChessBase"]
[SourceDate "1999.01.01"]
[SourceVersion "1"]
[SourceVersionDate "1999.01.01"]
[SourceQuality "1"]

1. e4 c5 2. Nf3 a6 3. d4 cxd4 4. Nxd4 Nf6 5. Nc3 e5 6. Nb3 Bb4 7. Bd3 0-0 8. 0-0 Bxc3 9. bxc3 d6 10. h3 Be6 11. f4 exf4 12. Bxf4 Nbd7 13. Kh2 Qc7 14. Nd4 Ne5 15. Bg5 Nfd7 16. Ne2 Rac8 17. Kh1 Nc5 18. Be3 f6 19. Bd4 b5 20. Nf4 Bf7 21. Nd5 Qb7 22. Qe2 Bxd5 23. exd5 Ncxd3 24. cxd3 Qxd5 25. a4 Rfe8 26. axb5 1/2-1/2

[Event "Krynica op-A"]
[Site "Krynica"]
[Date "1998.??.??"]
[Round "?"]
[White "Dryzek, Tadeusz"]
[Black "Sebastianiuk, Cezary"]
[Result "0-1"]
[WhiteElo "2105"]
[BlackElo "2095"]
[PlyCount "148"]
[EventDate "1998.??.??"]
[EventType "swiss"]
[EventRounds "11"]
[EventCountry "POL"]
[SourceTitle "EXT 2002"]
[Source "ChessBase"]
[SourceDate "2001.11.25"]
[SourceVersion "1"]
[SourceVersionDate "2001.11.25"]
[SourceQuality "1"]

1. d4 d5 2. Nf3 c6 3. c4 Nf6 4. Nc3 dxc4 5. a4 Bf5 6. e3 e6 7. Bxc4 Bb4 8. 0-0 0-0 9. Qe2 Nbd7 10. e4 Bg6 11. Bd3 Re8 12. Bg5 Qa5 13. Rfc1 Bh5 14. e5 Nd5 15. Ne4 f5 16. exf6 N5xf6 17. Bf4 Nxe4 18. Bxe4 Nf6 19. Bc2 Qd5 20. Be5 Rad8 21. Rd1 Rf8 22. h3 Bxf3 23. gxf3 Nh5 24. Be4 Qd7 25. Qd3 Nf6 26. f4 Nxe4 27. Qxe4 Qd5 28. Qg2 Qxg2+ 29. Kxg2 Rd5 30. Kf3 Bd6 31. Ke4 Bxe5 32. dxe5 g5 33. Rg1 Rxf4+ 34. Ke3 Rxe5+ 35. Kd3 Rxf2 36. h4 Rxb2 37. hxg5 Rh2 38. g6 h6 39. Raf1 Rf5 40. Re1 Rh3+ 41. Kc4 Rh4+ 42. Kb3 e5 43. g7 e4 44. Rd1 Rd5 45. Rdf1 Rh3+ 46. Kc4 Rf3 47. Re1 Rg5 48. Rh1 h5 49. Rxe4 Rg4 50. Rh4 Rxe4+ 51. Rxe4 Kxg7 52. Kc5 Rf6 53. Re7+ Rf7 54. Re6 Rd7 55. a5 Rd5+ 56. Kc4 b6 57. a6 Rf5 58. Kb4 Rf6 59. Re7+ Rf7 60. Re6 Rf4+ 61. Kc3 Rf6 62. Re7+ Rf7 63. Re6 Rc7 64. Kc4 c5 65. Rd6 b5+ 66. Kxb5 c4 67. Rd2 c3 68. Rc2 h4 69. Kb4 h3 70. Kb3 Kg6 71. Ka2 Kg5 72. Kb1 Kg4 73. Re2 c2+ 74. Kc1 Rh7 0-1

[Event "Krynica op-A"]
[Site "Krynica"]
[Date "1998.??.??"]
[Round "?"]
[White "Lercel, Michal"]
[Black "Dryzek, Tadeusz"]
[Result "1/2-1/2"]
[WhiteElo "2035"]
[BlackElo "2105"]
[PlyCount "120"]
[EventDate "1998.??.??"]
[EventType "swiss"]
[EventRounds "11"]
[EventCountry "POL"]
[SourceTitle "EXT 2002"]
[Source "ChessBase"]
[SourceDate "2001.11.25"]
[SourceVersion "1"]
[SourceVersionDate "2001.11.25"]
[SourceQuality "1"]

1. e4 e6 2. d3 d5 3. Nd2 g6 4. Ngf3 Bg7 5. g3 c5 6. Bg2 Nc6 7. 0-0 Nf6 8. Re1 0-0 9. Qe2 b6 10. Nf1 Ba6 11. e5 Nd7 12. Bf4 h6 13. h4 Rc8 14. c3 b5 15. N1h2 Ne7 16. Qd2 Kh7 17. Bh3 Qb6 18. Kg2 d4 19. Ng4 Ng8 20. h5 Bb7 21. Qe2 Qc6 22. Rac1 g5 23. Bd2 Bxe5 24. Kh2 Bg7 25. Bg2 Qb6 26. Nfe5 Nxe5 27. Nxe5 Bxg2 28. Kxg2 Qb7+ 29. f3 Nf6 30. c4 bxc4 31. dxc4 Kg8 32. Qd3 Nxh5 33. Rh1 Nxg3 34. Kxg3 Bxe5+ 35. Kf2 f5 36. Rxh6 Rf6 37. Rh5 Rg6 38. Rg1 Rc7 39. Qe2 Qxb2 40. Rhxg5 Rxg5 41. Rxg5+ Kf7 42. Rh5 d3 43. Qxd3 Qd4+ 44. Qe3 Qxe3+ 45. Bxe3 Bg7 46. Rh1 Rc6 47. Rd1 a6 48. Rd7+ Kg6 49. a4 Bc3 50. Ke2 Kf6 51. f4 Ba5 52. Kf3 Bc3 53. Ke2 Bb2 54. Kf3 e5 55. fxe5+ Bxe5 56. Rd5 Bd6 57. Bf4 Bf8 58. Be3 Ke6 59. Bg1 Rc7 60. Be3 Be7 1/2-1/2

[Event "POL-chT2"]
[Site "Augustow"]
[Date "1997.??.??"]
[Round "?"]
[White "Polkowski, Piotr"]
[Black "Dryzek, Tadeusz"]
[Result "1-0"]
[WhiteElo "2125"]
[BlackElo "2020"]
[PlyCount "92"]
[EventDate "1997.??.??"]
[EventType "team"]
[EventRounds "9"]
[EventCountry "POL"]
[SourceTitle "EXT 2003"]
[Source "ChessBase"]
[SourceDate "2002.11.25"]
[SourceVersion "1"]
[SourceVersionDate "2002.11.25"]
[SourceQuality "1"]

1. e4 e6 2. d4 d5 3. Nd2 c5 4. exd5 exd5 5. dxc5 Bxc5 6. Nb3 Bb6 7. Nf3 Nf6 8. Be2 0-0 9. 0-0 h6 10. Nfd4 Nc6 11. c3 Re8 12. Be3 Bd7 13. h3 Ne5 14. Nd2 Qc8 15. Qb3 Bc7 16. Rfe1 a6 17. Bf4 b5 18. Bxe5 Bxe5 19. N2f3 Bd6 20. Rad1 Qc7 21. Nd2 Bc5 22. Nf1 Rad8 23. Ne3 Bc8 24. Bf3 Bb7 25. Qc2 Ba7 26. a3 Ne4 27. Nxd5 Rxd5 28. Bxe4 Rde5 29. Bh7+ Kh8 30. Rxe5 Qxe5 31. Bf5 Bb8 32. g3 Qd5 33. f3 Bxg3 34. Be4 Qd7 35. Nf5 Bxe4 36. fxe4 Qa7+ 37. Kh1 Be5 38. Qg2 Qb6 39. Rd5 Qe6 40. Rd1 Qc6 41. Rd5 Qf6 42. Rd1 Rd8 43. Rf1 Qe6 44. Rg1 Rd3 45. Qg4 g6 46. Rg2 Rd1+ 1-0